BIBLIOTECA

SENCICO

Diseño simplificado de armaduras de techo para arquitectos y constructores (Registro nro. 1698)

Detalles MARC
000 -LEADER
fixed length control field 00753nam a2200205Ia 4500
005 - DATE AND TIME OF LATEST TRANSACTION
control field 20251020182519.0
008 - FIXED-LENGTH DATA ELEMENTS--GENERAL INFORMATION
fixed length control field 200515s9999 xx 000 0 und d
082 ## - DEWEY DECIMAL CLASSIFICATION NUMBER
Classification number 69.025.4/P26
100 ## - MAIN ENTRY--PERSONAL NAME
Personal name PARKER, Harry
245 #0 - TITLE STATEMENT
Title Diseño simplificado de armaduras de techo para arquitectos y constructores
260 ## - PUBLICATION, DISTRIBUTION, ETC.
Place of publication, distribution, etc. México, D.F.
260 ## - PUBLICATION, DISTRIBUTION, ETC.
Date of publication, distribution, etc. 1976
500 ## - GENERAL NOTE
General note 1 ejemplar
520 ## - SUMMARY, ETC.
Summary, etc. Método práctico para diseñar las armaduras de techo comúnmente usadas. Además de los análisis graf. se proporcionan tbl. con los coeficientes de fuerzas para armaduras de acero y madera y numerosos ejemplos a fin de familiarizar al estudiante con el uso d
650 ## - SUBJECT ADDED ENTRY--TOPICAL TERM
Topical term or geographic name entry element ACERO
650 ## - SUBJECT ADDED ENTRY--TOPICAL TERM
Topical term or geographic name entry element ARMADURAS
650 ## - SUBJECT ADDED ENTRY--TOPICAL TERM
Topical term or geographic name entry element LIB
650 ## - SUBJECT ADDED ENTRY--TOPICAL TERM
Topical term or geographic name entry element MADERA
942 ## - ADDED ENTRY ELEMENTS (KOHA)
Koha item type Libros
Existencias
Fecha de la última vez que lo usaron Pago total Signatura topográfica completa Código de barras Precio efectivo desde Tipo de documento Estado perdido Estado dañado No es para préstamo Retirado Ubicación permanente Ubicación actual Fecha de adquisición
15/05/2020   69.025.4/P26 Bib-Lima15051698 15/05/2020 Libros         Biblioteca Central Lima Biblioteca Central Lima 15/05/2020